Najčastejšie skloňovaná daň.

Odpovede na otázky týkajúce sa dane z pridanej hodnoty. Aká je pripravenosť na túto daň medzi podnikateľmi, ako je legislatívne daň upravená, prečo dochádzalo k dvojitému zdaneniu obratovou daňou a daňou z pridanej hodnoty, ako vplýva daň z pridanej hodnoty na ceny a či nedochádza pri jej zavedení k...

Descrizione completa

Salvato in:
Dettagli Bibliografici
Autore principale: Iľková, E.
Altri autori: Bónová, E.
Natura: Capitolo di libro
Lingua:slovacco
Soggetti:
Tags: Aggiungi Tag
Nessun Tag, puoi essere il primo ad aggiungerne!!

MARC

LEADER 00000naa a2200000 4500
001 r011948
005 20220826094412.9
041 0 |a slo 
044 |a SK 
245 1 0 |a Najčastejšie skloňovaná daň.  |c E. Iľková, E. Bónová 
520 |a Odpovede na otázky týkajúce sa dane z pridanej hodnoty. Aká je pripravenosť na túto daň medzi podnikateľmi, ako je legislatívne daň upravená, prečo dochádzalo k dvojitému zdaneniu obratovou daňou a daňou z pridanej hodnoty, ako vplýva daň z pridanej hodnoty na ceny a či nedochádza pri jej zavedení k posilňovaniu byrokratizmu. 
610 2 0 |a dane z hodnoty pridanej 
610 2 0 |a podnikatelia 
610 2 0 |a legislatíva 
610 2 0 |a ceny 
610 2 0 |a dane z obratu 
610 2 0 |a Slovensko 
100 1 |a Iľková, E. 
700 1 |a Bónová, E.